00947 a2200193 45000010006000000050017000060080041000230030015000640400040000790800102001192450037002210200018002582640045002763000019003215050362003400410008007021000024007107000019007346308220260407155926.0260407a1994 arg spa dAR-UNSa-BCEJYS aAR-UNSa-BCEJYSbspacAR-UNSa-BCEJYS a37.014xPolítica educativa. Educación y vida pública (Intercambio de profesores y alumnos )10aRespuestas a la crisis educativa a950-99091-3-2 1aBuenos Aires :bCántaro Editoresc1994 a205 p.c22 cm. a1. Educación, política y democracia – 2. Educación y transacción democrática: presentación y análisis de caos nacionales – 3. Educación y realidad estructural en América Latina – 4. Los docentes y los técnicos: ¿Actores potenciales de la transformación educativa? – 5. Hacia la revolución democrática de la educación -  aspa1 aBraslavsky, Cecilia1 aFilmus, Daniel